[Event "Interclubs Jeunes"]
[Site "Mulhouse"]
[Date "29.??.??"]
[Round "3.9"]
[White "Hazan, Raphael"]
[Black "Kieffer, Anatole"]
[Result "0-1"]
[WhiteElo "1120"]
[BlackElo "1550"]
[PlyCount "158"]
[EventDate "29.??.??"]
[WhiteTeam "Saint Mandé"]
[BlackTeam "Clichy"]

1. d4 c5 2. d5 d6 3. c3 Nf6 4. e3 g6 5. Bd3 Nxd5 6. Bb5+ Nc6 7. Qxd5 Bd7 8. Bc4
Be6 9. Qd3 Ne5 10. Bb5+ Bd7 11. Bxd7+ Qxd7 12. Qe2 Bg7 13. Nf3 O-O 14. O-O Qg4
15. Nbd2 f5 16. Re1 f4 17. Nxe5 Qxe2 18. Rxe2 Bxe5 19. exf4 Rxf4 20. Nf3 Rf5
21. Nxe5 dxe5 22. g4 Rf7 23. Rxe5 Raf8 24. Be3 b6 25. Rf1 Kg7 26. b3 Kf6 27.
Re4 Kg7 28. a3 Re8 29. f4 Ref8 30. h4 h6 31. Rf2 Kh7 32. Rh2 Rd8 33. Kf2 Rd3
34. g5 Rxc3 35. Rg2 h5 36. f5 Rxf5+ 37. Ke2 Rf7 38. Rf2 Kg7 39. b4 Rxa3 40.
Rxf7+ Kxf7 41. Rf4+ Ke6 42. Re4+ Kd6 43. Bf4+ Kd7 44. Bd2 Ra4 45. Ke3 Ra3+ 46.
Ke2 a5 47. bxc5 bxc5 48. Re5 Kd6 49. Bf4 Kd7 50. Rxc5 Ra2+ 51. Kd1 Ra1+ 52. Rc1
Rxc1+ 53. Bxc1 Ke6 54. Kc2 Kf5 55. Bd2 Kg4 56. Be1 e5 57. Kd3 Kf3 58. Bxa5 e4+
59. Kc2 Kf2 60. Bb6+ Kg3 61. Be3 Kxh4 62. Kc3 Kg3 63. Kd4 Kf3 64. Bg1 h4 65.
Ke5 e3 66. Bxe3 Kxe3 67. Kf6 h3 68. Kxg6 h2 69. Kf5 h1=Q 70. g6 Qh6 71. Kf6
Qf8+ 72. Kg5 Qg7 73. Kf5 Kd4 74. Kg5 Ke5 75. Kh5 Kf5 76. Kh4 Qxg6 77. Kh3 Kf4
78. Kh2 Kf3 79. Kh3 Qg3# 0-1

[Event "Interclubs Jeunes"]
[Site "Mulhouse"]
[Date "29.??.??"]
[Round "3.10"]
[White "Lachkar, Dan"]
[Black "Raze, Nicolas"]
[Result "1-0"]
[WhiteElo "1260"]
[BlackElo "1080"]
[PlyCount "31"]
[EventDate "29.??.??"]
[WhiteTeam "Saint Mandé"]
[BlackTeam "Clichy"]

1. d4 c5 2. dxc5 e5 3. e4 Bxc5 4. Nf3 Nc6 5. Bc4 Nf6 6. Nc3 O-O 7. O-O d6 8. h3
Bd7 9. Bg5 Be6 10. Bd5 Bxd5 11. Nxd5 Nd4 12. Nxf6+ gxf6 13. Bh6 Re8 14. Nxd4
Bxd4 15. Qg4+ Kh8 16. Qg7# 1-0

[Event "Top Jeunes Phase A 2009"]
[Site "Sautron"]
[Date "2009.11.28"]
[Round "1.6"]
[White "Le Bihan, Alison"]
[Black "Terrazzoni, Claire"]
[Result "0-1"]
[WhiteElo "1390"]
[BlackElo "1460"]
[PlyCount "96"]
[EventDate "2009.??.??"]
[WhiteTeam "Guingamp"]
[BlackTeam "Sautron"]

1. e4 c5 2. Nf3 d6 3. Bc4 Nf6 4. Nc3 g6 5. d4 cxd4 6. Nxd4 Bg7 7. Bg5 O-O 8.
O-O Nc6 9. Bxf6 Bxf6 10. Nxc6 bxc6 11. Re1 Bb7 12. Qf3 Qa5 13. a3 Rad8 14. b4
Qc7 15. Rad1 Be5 16. h3 e6 17. Rd2 d5 18. exd5 Bxc3 19. Qxc3 cxd5 20. Qf6 Qxc4
21. Red1 Qe4 22. f3 Qe3+ 23. Kh2 Qxa3 24. Ra1 Qxb4 25. c3 Qb6 26. Qd4 Qxd4 27.
cxd4 Ra8 28. Rb2 Bc6 29. Ra6 Rfc8 30. Rc2 Bb7 31. Rxc8+ Bxc8 32. Ra5 a6 33. g4
Bd7 34. Kg3 Bb5 35. Kf4 Kf8 36. Ke5 Ke7 37. g5 Rc8 38. h4 h6 39. gxh6 Rh8 40.
Ra1 Rxh6 41. Rh1 Rh5+ 42. Kf4 f6 43. Kg4 a5 44. f4 Kd6 45. Rc1 Rh8 46. Rc5 Be2+
47. Kg3 Ra8 48. Kf2 Bc4 0-1

[Event "Top Jeunes Phase A 2009"]
[Site "Sautron"]
[Date "2009.11.28"]
[Round "1.7"]
[White "Eugene, Floryan"]
[Black "Le Graet, Gaetan"]
[Result "1-0"]
[WhiteElo "1730"]
[BlackElo "1190"]
[PlyCount "51"]
[EventDate "2009.??.??"]
[WhiteTeam "Sautron"]
[BlackTeam "Guingamp"]

1. e4 e5 2. Nf3 Nc6 3. Bc4 Bc5 4. c3 Nf6 5. d3 d5 6. exd5 Nxd5 7. O-O Bg4 8.
Re1 O-O 9. Nbd2 Qf6 10. Bxd5 Rad8 11. Bc4 Bh3 12. gxh3 Qg6+ 13. Kf1 Qh6 14. Ng1
Bxf2 15. Ndf3 Bh4 16. Bxh6 gxh6 17. Nxh4 Rfe8 18. Qg4+ Kh8 19. Ngf3 Rg8 20. Qh5
e4 21. Rxe4 Rg6 22. Nxg6+ fxg6 23. Qxh6 Rg8 24. Bxg8 Kxg8 25. Ng5 b5 26. Re8#
1-0

[Event "Top Jeunes Phase A 2009"]
[Site "Sautron"]
[Date "2009.11.28"]
[Round "1.8"]
[White "Machiels, Etienne"]
[Black "Denizet, Briac"]
[Result "1-0"]
[WhiteElo "1430"]
[BlackElo "1010"]
[PlyCount "61"]
[EventDate "2009.??.??"]
[WhiteTeam "Sautron"]
[BlackTeam "Guingamp"]

1. e4 e5 2. Nf3 Nc6 3. d4 exd4 4. Nxd4 Nxd4 5. Qxd4 c5 6. Qd1 Qa5+ 7. Bd2 Qa4
8. Nc3 Qb4 9. Bd3 c4 10. Be2 Bc5 11. Nd5 Qxb2 12. Bc3 Qa3 13. Bxg7 Bb4+ 14. c3
Ba5 15. O-O Ne7 16. Bxh8 Nxd5 17. Qxd5 d6 18. Bh5 Be6 19. Qg5 Kd7 20. Qf4 Rxh8
21. Rad1 Bxc3 22. e5 Bxe5 23. Qxe5 c3 24. Qxh8 c2 25. Rc1 Qxa2 26. Qa1 Qc4 27.
Qb2 Bf5 28. Qxb7+ Ke6 29. Bxf7+ Ke5 30. Bxc4 Be4 31. Rfe1 1-0

[Event "Top Jeunes Phase A 2009"]
[Site "Sautron"]
[Date "2009.11.28"]
[Round "1.9"]
[White "Denizet, Briac"]
[Black "Eugene, Floryan"]
[Result "0-1"]
[WhiteElo "1010"]
[BlackElo "1730"]
[PlyCount "51"]
[EventDate "2009.??.??"]
[WhiteTeam "Guingamp"]
[BlackTeam "Sautron"]

1. e4 e5 2. Nf3 Nc6 3. Nc3 Nf6 4. Bc4 Nxe4 5. Nxe4 d5 6. Bxd5 Qxd5 7. d3 Bg4 8.
h3 Bxf3 9. gxf3 Nd4 10. c3 Nc6 11. c4 Bb4+ 12. Nc3 Qa5 13. a3 Bxc3+ 14. bxc3
Qxc3+ 15. Bd2 Qxd3 16. Qe2 Qxe2+ 17. Kxe2 Nd4+ 18. Ke3 Nc2+ 19. Kd3 Nxa1 20.
Rxa1 Rd8+ 21. Ke2 b5 22. Bg5 Rd4 23. Ke3 b4 24. Ke2 h6 25. Bh4 g5 26. Bg3 0-1

[Event "Top Jeunes Phase A 2009"]
[Site "Sautron"]
[Date "2009.11.28"]
[Round "1.10"]
[White "Le Graet, Gaetan"]
[Black "Machiels, Etienne"]
[Result "0-1"]
[WhiteElo "1190"]
[BlackElo "1430"]
[PlyCount "76"]
[EventDate "2009.??.??"]
[WhiteTeam "Guingamp"]
[BlackTeam "Sautron"]

1. e4 e5 2. Nf3 Nc6 3. Bc4 Be7 4. d4 d6 5. Bb5 Bd7 6. dxe5 Nxe5 7. Bxd7+ Nxd7
8. Nc3 Ngf6 9. O-O O-O 10. Ng5 Ne5 11. Bf4 h6 12. Nf3 Nc6 13. Nh4 Nxe4 14. Qd3
Nxc3 15. Qxc3 Bxh4 16. g3 Bf6 17. Qf3 Re8 18. Qg4 Bg5 19. Rae1 Rxe1 20. Rxe1
Bxf4 21. Qxf4 Qg5 22. Qe4 Qd2 23. Re2 Qc1+ 24. Kg2 Qxb2 25. Re3 Qe5 26. Qf3 Qf6
27. Qg4 Ne5 28. Qe4 Qg6 29. Qd5 c6 30. Qd4 Qg4 31. Qxd6 Nc4 32. Qc5 Nxe3+ 33.
Qxe3 Kf8 34. f3 Qe6 35. Qd3 Ke7 36. Qh7 Rd8 37. Qxg7 Rd2+ 38. Kg1 Qe1# 0-1

[Event "Top Jeunes Phase A 2009"]
[Site "Sautron"]
[Date "2009.11.28"]
[Round "1.6"]
[White "Zychowski, Adrien"]
[Black "Aghamir Alrobiai, Nizar"]
[Result "1-0"]
[WhiteElo "1540"]
[BlackElo "1350"]
[PlyCount "103"]
[EventDate "2009.??.??"]
[WhiteTeam "Bois Colombes"]
[BlackTeam "Agneaux St Lo"]

1. e4 e5 2. Nf3 Nf6 3. Nc3 Nc6 4. Bb5 d6 5. d3 Bd7 6. Be3 a6 7. Ba4 Be7 8. Qd2
b5 9. Bb3 a5 10. Nxb5 Nb4 11. Na3 d5 12. Bxd5 Nbxd5 13. exd5 Nxd5 14. Nc4 Nxe3
15. Qxe3 f6 16. O-O O-O 17. Rad1 Bg4 18. h3 Bh5 19. Rd2 Qd5 20. Qe4 Qxe4 21.
dxe4 Bxf3 22. gxf3 Rfd8 23. Rfd1 Rxd2 24. Rxd2 a4 25. Rd7 Bd6 26. Nxd6 cxd6 27.
Rxd6 Rc8 28. Rd2 Kf7 29. b3 axb3 30. cxb3 Kg6 31. a4 Kh5 32. Kg2 Kh4 33. b4 Rc4
34. Rb2 g6 35. a5 f5 36. exf5 gxf5 37. a6 e4 38. fxe4 Rxe4 39. a7 Re8 40. f4
Rg8+ 41. Kh2 h5 42. b5 Rb8 43. Kg1 Rg8+ 44. Kf1 Kxh3 45. b6 Kg3 46. Rg2+ Kxf4
47. Rxg8 Kf3 48. a8=Q+ Kf4 49. Qe8 Kf3 50. Qe2+ Kf4 51. Kf2 h4 52. Qe3# 1-0

[Event "Top Jeunes Phase A 2009"]
[Site "Sautron"]
[Date "2009.11.28"]
[Round "1.7"]
[White "Niepceron, Aurelien"]
[Black "Ariza, Guillaume"]
[Result "0-1"]
[WhiteElo "1300"]
[BlackElo "1360"]
[PlyCount "42"]
[EventDate "2009.??.??"]
[WhiteTeam "Agneaux St Lo"]
[BlackTeam "Bois Colombes"]

1. e4 e5 2. Nf3 d6 3. Bc4 Be7 4. Nc3 Nf6 5. d4 exd4 6. Nxd4 c5 7. Bb5+ Bd7 8.
Nf5 O-O 9. Nxd6 Bxd6 10. Qxd6 Bxb5 11. Qxd8 Rxd8 12. Nxb5 Nc6 13. Bg5 a6 14.
Bxf6 gxf6 15. Nc7 Rac8 16. Nd5 Rd6 17. O-O-O Rcd8 18. Nc3 Nd4 19. Na4 Ne2+ 20.
Kb1 Rxd1+ 21. Rxd1 Rxd1# 0-1

[Event "Top Jeunes Phase A 2009"]
[Site "Sautron"]
[Date "2009.11.28"]
[Round "1.9"]
[White "Bonnin, Remi"]
[Black "Niepceron, Aurelien"]
[Result "1-0"]
[WhiteElo "1070"]
[BlackElo "1300"]
[PlyCount "103"]
[EventDate "2009.??.??"]
[WhiteTeam "Bois Colombes"]
[BlackTeam "Agneaux St Lo"]

1. e4 e5 2. c3 Nf6 3. f3 d5 4. d4 dxe4 5. fxe4 Nxe4 6. Nf3 Qf6 7. dxe5 Qc6 8.
Bd3 Be7 9. O-O Bc5+ 10. Nd4 O-O 11. Be3 Bxd4 12. cxd4 f5 13. Bxe4 Qxe4 14. Bf4
Rd8 15. Nc3 Qxd4+ 16. Qxd4 Rxd4 17. Rad1 Rxd1 18. Rxd1 Nc6 19. Nd5 Be6 20. Nxc7
Rd8 21. Rd6 Bxa2 22. Ne6 Rxd6 23. exd6 Bxe6 24. Kf2 b5 25. Ke3 a5 26. Kd3 a4
27. Kc3 b4+ 28. Kc2 a3 29. bxa3 bxa3 30. Kb1 a2+ 31. Kb2 Na5 32. d7 Nb7 33. h3
Nc5 34. d8=Q+ Kf7 35. Qa5 Nd3+ 36. Ka1 Nxf4 37. Qc7+ Kf6 38. Qxf4 g5 39. Qd4+
Kf7 40. Qe5 h5 41. Qh8 f4 42. Qxh5+ Kf6 43. Qf3 Kf5 44. Qg4+ Kf6 45. Qh5 Kf5
46. h4 Ke4 47. Qxg5 f3 48. gxf3+ Kxf3 49. Qe5 Bb3 50. Qc3+ Kg4 51. Qxb3 Kxh4
52. Qxa2 1-0

[Event "Top Jeunes Phase A 2009"]
[Site "Sautron"]
[Date "2009.11.28"]
[Round "1.10"]
[White "Ariza, Thomas"]
[Black "Beneteau Desmoulieres, Mael"]
[Result "1-0"]
[WhiteElo "1360"]
[BlackElo "1380"]
[PlyCount "67"]
[EventDate "2009.??.??"]
[WhiteTeam "Bois Colombes"]
[BlackTeam "Agneaux St Lo"]

1. e4 c5 2. Nf3 Nc6 3. Bb5 g6 4. Bxc6 bxc6 5. c3 Bg7 6. d4 d6 7. O-O Bg4 8. Be3
d5 9. e5 Qb6 10. b3 f6 11. dxc5 Qb8 12. exf6 Nxf6 13. Bd4 O-O 14. Qd3 e5 15.
Nxe5 Bf5 16. Qe3 Re8 17. f4 Ng4 18. Qg3 Nxe5 19. fxe5 Bxe5 20. Bxe5 Rxe5 21.
Nd2 Qc7 22. Rae1 Rae8 23. Nf3 Rxe1 24. Qxc7 Rxf1+ 25. Kxf1 Bd3+ 26. Kf2 Re2+
27. Kg3 Rxa2 28. Qd8+ Kg7 29. Ng5 Kh6 30. Nf7+ Kg7 31. Qe7 Re2 32. Ne5+ Kh6 33.
Ng4+ Kh5 34. Qh4# 1-0

[Event "Top Jeunes Phase A 2009"]
[Site "Sautron"]
[Date "2009.11.29"]
[Round "2.6"]
[White "Terrazoni, Claire"]
[Black "Aghamir Alrobiai, Nizar"]
[Result "0-1"]
[WhiteElo "1460"]
[BlackElo "1350"]
[PlyCount "126"]
[EventDate "2009.??.??"]
[WhiteTeam "Sautron"]
[BlackTeam "Agneaux St Lo"]

1. e4 e6 2. d4 d5 3. e5 c5 4. c3 Nc6 5. Nf3 f6 6. Be2 Qc7 7. Bf4 Qb6 8. Qb3
Qxb3 9. axb3 cxd4 10. Nxd4 Nxe5 11. Nb5 Kd7 12. Rxa7 Rxa7 13. Nxa7 Bc5 14. Nxc8
Kxc8 15. Be3 Bxe3 16. fxe3 Ne7 17. Nd2 Nf5 18. Nf3 Nxf3+ 19. Bxf3 Nxe3 20. Ke2
Nf5 21. Ra1 Kc7 22. Bg4 g6 23. Bxf5 gxf5 24. Rf1 Rg8 25. g3 Kd6 26. Kd2 Kc6 27.
Ke2 b5 28. b4 Rg4 29. Ke3 Re4+ 30. Kd3 h5 31. h4 Rg4 32. Rf3 Kd6 33. Kd2 d4 34.
cxd4 Rxd4+ 35. Kc3 Rg4 36. Rd3+ Ke7 37. Rf3 f4 38. gxf4 Rxh4 39. Kd3 e5 40.
fxe5 fxe5 41. Kc3 Rc4+ 42. Kb3 h4 43. Rh3 Rg4 44. Rh2 Rg3+ 45. Ka2 h3 46. Ka1
Rb3 47. Kb1 Rxb4 48. Rxh3 Kd6 49. Rh8 Kd5 50. Rh5 Kd4 51. Rh4+ e4 52. Kc2 Ra4
53. Kd2 b4 54. Kc2 Ra2 55. Kb3 Ra8 56. Kxb4 Rb8+ 57. Ka3 Kd3 58. Rh6 e3 59.
Rd6+ Ke2 60. Re6 Rd8 61. Rh6 Kd2 62. b4 e2 63. Rh3 Re8 0-1

[Event "Top Jeunes Phase A 2009"]
[Site "Sautron"]
[Date "2009.11.29"]
[Round "2.7"]
[White "Niepceron, Aurelien"]
[Black "Trouve, Guillaume"]
[Result "0-1"]
[WhiteElo "1300"]
[BlackElo "1727"]
[PlyCount "59"]
[EventDate "2009.??.??"]
[WhiteTeam "Agneaux St Lo"]
[BlackTeam "Sautron"]

1. e4 e5 2. Nf3 Nc6 3. Bc4 Bc5 4. b4 Bxb4 5. c3 Ba5 6. O-O Nf6 7. Qb3 O-O 8.
Ba3 d6 9. Ng5 Qe7 10. Rd1 Bb6 11. d3 Na5 12. Qb2 Nxc4 13. dxc4 h6 14. Nf3 Nxe4
15. Rf1 Qf6 16. Qc2 Bf5 17. Nbd2 Ng3 18. Qd1 Nxf1 19. Nxf1 Bg4 20. h3 Bxf3 21.
gxf3 Qh4 22. Ng3 Qxh3 23. Qe2 f5 24. Re1 Qh4 25. Kg2 Qg5 26. Rh1 f4 27. Rh5 Qg6
28. Qd2 fxg3 29. Qd5+ Kh8 30. Rh1 0-1

[Event "Top Jeunes Phase A 2009"]
[Site "Sautron"]
[Date "2009.11.29"]
[Round "2.8"]
[White "Beneteau Desmoulieres, Mael"]
[Black "Machiels, Etienne"]
[Result "0-1"]
[WhiteElo "1380"]
[BlackElo "1430"]
[PlyCount "86"]
[EventDate "2009.??.??"]
[WhiteTeam "Agneaux St Lo"]
[BlackTeam "Sautron"]

1. e4 e5 2. Nf3 Nc6 3. d4 exd4 4. Bc4 Nf6 5. Ng5 d5 6. exd5 Nxd5 7. O-O Be7 8.
Bxd5 Qxd5 9. f4 O-O 10. c3 Bxg5 11. fxg5 Rd8 12. Qd3 dxc3 13. Qxd5 Rxd5 14. Re1
Be6 15. Nxc3 Re5 16. Be3 Rd8 17. Na4 Rd3 18. Nc5 Rdxe3 19. Rxe3 Rxe3 20. Nxe6
Rxe6 21. Kf2 Rg6 22. Re1 Kf8 23. h4 h6 24. gxh6 Rxh6 25. g3 Nb4 26. a3 Nd3+ 27.
Ke2 Re6+ 28. Kxd3 Rxe1 29. Kd2 Rg1 30. Ke3 Rxg3+ 31. Kf4 Rg6 32. h5 Rh6 33. Kg4
c5 34. b3 b5 35. b4 c4 36. Kf3 Re6 37. h6 gxh6 38. a4 c3 39. axb5 c2 40. b6
c1=Q 41. bxa7 Qf1+ 42. Kg4 Rg6+ 43. Kh5 Qh3# 0-1

[Event "Top Jeunes Phase A 2009"]
[Site "Sautron"]
[Date "2009.11.29"]
[Round "2.9"]
[White "Machiels, Etienne"]
[Black "Niepceron, Aurelien"]
[Result "1-0"]
[WhiteElo "1430"]
[BlackElo "1300"]
[PlyCount "64"]
[EventDate "2009.??.??"]
[WhiteTeam "Sautron"]
[BlackTeam "Agneaux St Lo"]

1. e4 e5 2. Nf3 Nc6 3. d4 d6 4. Bc4 Be7 5. O-O Bg4 6. dxe5 Nxe5 7. Be2 Qd7 8.
Nxe5 dxe5 9. Bxg4 Qxd1 10. Rxd1 Nf6 11. Bf3 O-O 12. Nc3 Rad8 13. Be3 Bb4 14.
Nd5 Nxd5 15. Rxd5 f5 16. exf5 Rde8 17. c3 Bd6 18. Bc5 Rf7 19. Bxd6 cxd6 20.
Rxd6 e4 21. Bh5 Re5 22. Bxf7+ Kxf7 23. Re1 Ra5 24. a3 Rxf5 25. Rxe4 Rc5 26.
Rd7+ Kf6 27. Ree7 Rb5 28. Rxb7 Rd5 29. Rf7+ Ke6 30. Rbe7+ Kd6 31. Rd7+ Ke6 32.
Rxd5 Kxf7 1-0

[Event "Top Jeunes Phase A 2009"]
[Site "Sautron"]
[Date "2009.11.29"]
[Round "2.10"]
[White "Trouve, Guillaume"]
[Black "Beneteau Desmoulieres, Mael"]
[Result "1-0"]
[WhiteElo "1724"]
[BlackElo "1380"]
[PlyCount "33"]
[EventDate "2009.??.??"]
[WhiteTeam "Sautron"]
[BlackTeam "Agneaux St Lo"]

1. e4 c5 2. c3 Nc6 3. d4 cxd4 4. cxd4 e6 5. Nf3 g6 6. Be2 Bg7 7. Nc3 d6 8. O-O
Nf6 9. Qb3 O-O 10. Bg5 e5 11. dxe5 dxe5 12. Rad1 Qe7 13. Nd5 Be6 14. Nxe7+ Nxe7
15. Qxb7 Nc8 16. Qxa8 Nb6 17. Qxa7 1-0

[Event "Top Jeunes Phase A 2009"]
[Site "Sautron"]
[Date "2009.11.29"]
[Round "2.6"]
[White "Le Bihan, Alison"]
[Black "Zychowski, Adrien"]
[Result "0-1"]
[WhiteElo "1390"]
[BlackElo "1540"]
[PlyCount "76"]
[EventDate "2009.??.??"]
[WhiteTeam "Guingamp"]
[BlackTeam "Bois Colombes"]

1. e4 e5 2. Nf3 Nc6 3. Bc4 Be7 4. c3 Nf6 5. O-O d5 6. exd5 Nxd5 7. Bb5 Bg4 8.
d4 e4 9. c4 Nf6 10. d5 a6 11. dxc6 axb5 12. Qxd8+ Rxd8 13. Ne5 Bd6 14. Bf4 Bxe5
15. Bxe5 Nh5 16. cxb5 bxc6 17. bxc6 Be2 18. Re1 Bb5 19. Bxc7 Rd4 20. Nc3 Bxc6
21. Bb6 Rb4 22. Bc5 Rc4 23. Ba3 f6 24. Rac1 Kf7 25. Nxe4 Rxc1 26. Nd6+ Kg6 27.
Rxc1 Bd5 28. b3 Rd8 29. f3 Nf4 30. Kf2 Nd3+ 31. Kg3 Nxc1 32. Bxc1 Rxd6 33. Ba3
Ra6 34. Bc5 Rxa2 35. b4 Bc4 36. h4 Bf1 37. b5 Rxg2+ 38. Kf4 Bxb5 0-1

[Event "Top Jeunes Phase A 2009"]
[Site "Sautron"]
[Date "2009.11.29"]
[Round "2.7"]
[White "Ariza, Thomas"]
[Black "Le Graet, Gaetan"]
[Result "1-0"]
[WhiteElo "1360"]
[BlackElo "1190"]
[PlyCount "71"]
[EventDate "2009.??.??"]
[WhiteTeam "Bois Colombes"]
[BlackTeam "Guingamp"]

1. e4 e5 2. Nf3 Nc6 3. Bb5 a6 4. Bxc6 dxc6 5. Nxe5 Qe7 6. d4 f6 7. Nf3 Bg4 8.
Nc3 f5 9. e5 Qb4 10. O-O O-O-O 11. a3 Qc4 12. Be3 Bc5 13. h3 Bh5 14. Re1 Bxd4
15. Bxd4 Rxd4 16. Qe2 Qc5 17. Qe3 Rc4 18. Qxc5 Rxc5 19. Ng5 Nh6 20. e6 Re8 21.
f3 f4 22. h4 Nf5 23. Rad1 h6 24. Nh3 Nd6 25. Nxf4 g5 26. Nxh5 Nc4 27. Nf6 Re7
28. Ng8 Re8 29. e7 Nxb2 30. Nf6 Nxd1 31. Nxd1 Rxc2 32. Nxe8 Rc1 33. Nf6 Kb8 34.
Nd7+ Ka7 35. e8=Q gxh4 36. Qb8# 1-0

[Event "Top Jeunes Phase A 2009"]
[Site "Sautron"]
[Date "2009.11.29"]
[Round "2.8"]
[White "Bonnin, Remi"]
[Black "Denizet, Briac"]
[Result "1-0"]
[WhiteElo "1070"]
[BlackElo "1010"]
[PlyCount "43"]
[EventDate "2009.??.??"]
[WhiteTeam "Bois Colombes"]
[BlackTeam "Guingamp"]

1. e4 e5 2. Nf3 Nc6 3. Bb5 Nge7 4. O-O d6 5. d4 Bg4 6. Qd3 a6 7. Ba4 b5 8. Bb3
Nb4 9. Qc3 a5 10. Ng5 Bh5 11. Na3 a4 12. Qxb4 axb3 13. Qxb5+ c6 14. Qc4 d5 15.
Qc5 Be2 16. Re1 Ba6 17. dxe5 bxc2 18. Nxc2 Bd3 19. Nd4 dxe4 20. Nxe4 Nd5 21.
Qxc6+ Ke7 22. Nf5# 1-0

[Event "Top Jeunes Phase A 2009"]
[Site "Sautron"]
[Date "2009.11.29"]
[Round "2.9"]
[White "Denizet, Briac"]
[Black "Ariza, Thomas"]
[Result "0-1"]
[WhiteElo "1010"]
[BlackElo "1360"]
[PlyCount "68"]
[EventDate "2009.??.??"]
[WhiteTeam "Guingamp"]
[BlackTeam "Bois Colombes"]

1. e4 e5 2. Nc3 Nf6 3. Nf3 d6 4. Nd5 Nxd5 5. exd5 Bg4 6. h3 Bxf3 7. Qxf3 Be7 8.
d3 O-O 9. d4 exd4 10. Bd3 Re8 11. Qf5 Bf6+ 12. Kd2 g6 13. Qf3 Bg7 14. h4 c5 15.
h5 Nd7 16. hxg6 fxg6 17. Qh3 Nf6 18. Bb5 Re5 19. f4 Rh5 20. Qe6+ Kh8 21. Re1 a6
22. Bc4 b5 23. Be2 Rxd5 24. Bf3 Qc7 25. Bxd5 Qa5+ 26. Kd3 c4+ 27. Bxc4 bxc4+
28. Ke2 Re8 29. Qe3 dxe3 30. Bxe3 Nd5 31. Rad1 Rxe3+ 32. Kf2 Rxe1 33. Rxe1
Qxe1+ 34. Kxe1 Nxf4 0-1

[Event "Top Jeunes Phase A 2009"]
[Site "Sautron"]
[Date "2009.11.29"]
[Round "2.10"]
[White "Le Graet, Gaetan"]
[Black "Bonnin, Remi"]
[Result "1-0"]
[WhiteElo "1190"]
[BlackElo "1070"]
[PlyCount "67"]
[EventDate "2009.??.??"]
[WhiteTeam "Guingamp"]
[BlackTeam "Bois Colombes"]

1. e4 e5 2. Nf3 d6 3. Bc4 Nf6 4. Ng5 Be6 5. d3 Bxc4 6. dxc4 Be7 7. Nc3 Nxe4 8.
Ngxe4 O-O 9. Nd5 Bh4 10. g3 Be7 11. Qg4 c6 12. Bh6 g6 13. Nef6+ Bxf6 14. Nxf6+
Qxf6 15. Bg5 Qe6 16. Qh4 f6 17. Bh6 Rf7 18. O-O Nd7 19. Rae1 d5 20. b3 Nc5 21.
cxd5 cxd5 22. b4 Ne4 23. f3 Nd2 24. Rf2 Nc4 25. f4 e4 26. g4 e3 27. Rf3 d4 28.
f5 gxf5 29. gxf5 Qe5 30. Qg4+ Kh8 31. Rg3 Re8 32. Bg7+ Kg8 33. Bxf6+ Kf8 34.
Qg8# 1-0

[Event "Top Jeunes Phase A 2009"]
[Site "Sautron"]
[Date "2009.11.29"]
[Round "3.5"]
[White "Touam, Yannis"]
[Black "Triboulin, Amaury"]
[Result "1-0"]
[WhiteElo "1500"]
[BlackElo "1599"]
[PlyCount "116"]
[EventDate "2009.??.??"]
[WhiteTeam "Sautron"]
[BlackTeam "Bois Colombes"]

1. e4 e5 2. Nf3 Nc6 3. d4 exd4 4. Nxd4 Bc5 5. Be3 b6 6. Nxc6 dxc6 7. Qxd8+ Kxd8
8. Bxc5 bxc5 9. Bc4 Nh6 10. Nc3 Re8 11. O-O f5 12. Rad1+ Ke7 13. f3 Be6 14.
Bxe6 Kxe6 15. Na4 Kf7 16. Nxc5 Kg8 17. Rd7 Rab8 18. b3 Rb5 19. Nd3 Rb7 20. Nc5
Rb5 21. Na6 Rb7 22. Rxc7 Rxc7 23. Nxc7 Re7 24. Na6 fxe4 25. Re1 e3 26. Nc5 Nf5
27. c4 Kf7 28. Ne4 h5 29. h3 h4 30. Kh2 g6 31. g3 hxg3+ 32. Kg2 Kg7 33. Re2
Nh4+ 34. Kxg3 Nf5+ 35. Kg4 Rf7 36. Kg5 Nd4 37. Rxe3 Nxf3+ 38. Kg4 Nh2+ 39. Kh4
Nf1 40. Re2 Kh6 41. Kg4 Rf5 42. Nd6 Rf6 43. Ne4 Rf5 44. a4 a6 45. b4 Kg7 46.
Ng3 Nxg3 47. Kxg3 Kf6 48. Rf2 Rxf2 49. Kxf2 Ke5 50. b5 cxb5 51. cxb5 axb5 52.
axb5 Kd5 53. Kg3 Kc5 54. Kg4 Kxb5 55. Kg5 Kc5 56. Kxg6 Kd6 57. h4 Ke7 58. Kg7
Kd6 1-0

[Event "Top Jeunes Phase A 2009"]
[Site "Sautron"]
[Date "2009.11.29"]
[Round "3.6"]
[White "Zychowski, Adrien"]
[Black "Terrazzoni, Claire"]
[Result "1-0"]
[WhiteElo "1540"]
[BlackElo "1460"]
[PlyCount "100"]
[EventDate "2009.??.??"]
[WhiteTeam "Bois Colombes"]
[BlackTeam "Sautron"]

1. e4 c5 2. f4 d6 3. Nf3 Nf6 4. Nc3 g6 5. Bc4 Bg7 6. O-O O-O 7. Re1 Nc6 8. d3
Bd7 9. Bd2 Na5 10. Bb3 Nxb3 11. cxb3 e6 12. Rc1 d5 13. e5 Ne8 14. Ne2 b6 15. b4
Bb5 16. bxc5 bxc5 17. d4 Nc7 18. Rxc5 Qd7 19. Ba5 Na6 20. Rc2 Bh6 21. g3 Rfc8
22. Nc3 Bc6 23. Qe2 Nc7 24. Rec1 Bb7 25. Nd1 Ba6 26. Qe1 Nb5 27. a4 Rxc2 28.
Rxc2 Nc7 29. Rxc7 Qxa4 30. b4 Bc4 31. Nb2 Qb3 32. Qf2 Bb5 33. Ne1 Bf8 34. Qd2
a6 35. Qc3 Qxc3 36. Rxc3 Rb8 37. Ned3 Bxd3 38. Nxd3 Be7 39. Nc5 Ra8 40. Nd7 Kg7
41. Rc6 Kg8 42. Nb6 Rb8 43. Rc8+ Rxc8 44. Nxc8 Bf8 45. Nd6 Be7 46. Ne8 Kf8 47.
Nc7 Bd8 48. Nxa6 Bxa5 49. bxa5 Ke8 50. Nc5 Kf8 1-0

[Event "Top Jeunes Phase A 2009"]
[Site "Sautron"]
[Date "2009.11.29"]
[Round "3.7"]
[White "Eugene, Floryan"]
[Black "Ariza, Thomas"]
[Result "1-0"]
[WhiteElo "1730"]
[BlackElo "1360"]
[PlyCount "75"]
[EventDate "2009.??.??"]
[WhiteTeam "Sautron"]
[BlackTeam "Bois Colombes"]

1. e4 e5 2. Nf3 d6 3. d4 exd4 4. Nxd4 Nf6 5. Nc3 Be7 6. Bf4 O-O 7. Qd2 b6 8.
O-O-O Bb7 9. Bd3 Nc6 10. Nf5 Ne5 11. Kb1 Nh5 12. Be3 Bc8 13. Bb5 Bxf5 14. exf5
a6 15. Be2 Nf6 16. h3 Nfd7 17. f4 Nc6 18. Bf3 Ndb8 19. g4 f6 20. Qg2 Qd7 21.
Nd5 Ra7 22. Rhe1 Bd8 23. h4 a5 24. h5 Nb4 25. h6 Nxd5 26. Bxd5+ Kh8 27. hxg7+
Qxg7 28. Bd4 c5 29. Bc3 b5 30. b3 b4 31. Bb2 a4 32. Rg1 axb3 33. Bxb3 Be7 34.
g5 Nd7 35. Rxd6 Bxd6 36. gxf6 Qh6 37. Qg7+ Qxg7 38. fxg7# 1-0

[Event "Top Jeunes Phase A 2009"]
[Site "Sautron"]
[Date "2009.11.29"]
[Round "3.8"]
[White "Trouve, Guillaume"]
[Black "Bonnin, Remi"]
[Result "1-0"]
[WhiteElo "1724"]
[BlackElo "1070"]
[PlyCount "37"]
[EventDate "2009.??.??"]
[WhiteTeam "Sautron"]
[BlackTeam "Bois Colombes"]

1. e4 e5 2. Nf3 d6 3. d4 Nc6 4. dxe5 dxe5 5. Qxd8+ Kxd8 6. Be3 Bg4 7. Nbd2 Nb4
8. O-O-O c6 9. a3 Na6 10. Nc4+ Kc7 11. Ncxe5 Bxf3 12. Nxf3 Nf6 13. Ng5 Be7 14.
f3 Nc5 15. Bc4 Ncxe4 16. fxe4 Ng4 17. Bf4+ Kc8 18. Nxf7 Rf8 19. Be6# 1-0

[Event "Top Jeunes Phase A 2009"]
[Site "Sautron"]
[Date "2009.11.29"]
[Round "3.9"]
[White "Bonnin, Remi"]
[Black "Eugene, Floryan"]
[Result "0-1"]
[WhiteElo "1070"]
[BlackElo "1730"]
[PlyCount "118"]
[EventDate "2009.??.??"]
[WhiteTeam "Bois Colombes"]
[BlackTeam "Sautron"]

1. e4 e5 2. Nf3 Nc6 3. d4 exd4 4. Nxd4 Bc5 5. Nb5 Qf6 6. Be3 Bxe3 7. fxe3 Qh4+
8. g3 Qd8 9. N1c3 Nf6 10. Qd3 O-O 11. O-O-O Re8 12. Bg2 d6 13. Nd5 Nxd5 14.
exd5 Nb4 15. Qd4 a5 16. Rde1 Nxa2+ 17. Kb1 Nb4 18. Rhf1 Bd7 19. c4 Bxb5 20.
cxb5 Qg5 21. Rf4 Re5 22. Rg4 Qf5+ 23. Re4 Rae8 24. g4 Rxe4 25. Bxe4 Qxe4+ 26.
Qxe4 Rxe4 27. h3 Nxd5 28. b6 Nxb6 29. Rc1 c6 30. Rd1 d5 31. Re1 Nc4 32. Kc2
Rxe3 33. Rxe3 Nxe3+ 34. Kd3 Nc4 35. Kc3 Kf8 36. b3 Nd6 37. Kd4 Ke7 38. Ke5 f6+
39. Kd4 Ke6 40. h4 b6 41. h5 c5+ 42. Ke3 c4 43. bxc4 dxc4 44. Kd2 b5 45. Kc2
Kd5 46. Kb2 Kd4 47. Ka3 b4+ 48. Ka4 Kd3 49. h6 gxh6 50. g5 hxg5 51. Kxa5 c3 52.
Ka4 c2 53. Kb3 c1=Q 54. Ka2 b3+ 55. Kxb3 Qc5 56. Kb2 Qc4 57. Ka1 Qb5 58. Ka2
Kc2 59. Ka1 Qa4# 0-1